Normal view
MARC view
Entry Topical Term
001 - CONTROL NUMBER
- control field: 2153
003 - CONTROL NUMBER IDENTIFIER
- control field: ARRUPE
005 - DATE AND TIME OF LATEST TRANSACTION
- control field: 20131007143723.0
008 - FIXED-LENGTH DATA ELEMENTS
- fixed length control field: 131007|| aca||aabn | a|a d
040 ## - CATALOGING SOURCE
- Original cataloging agency: ARRUPE
- Transcribing agency: ARRUPE
150 ## - HEADING--TOPICAL TERM
- Topical term or geographic name as entry element: Personalism.
670 ## - SOURCE DATA FOUND
- Source citation: Work cat.: (ARRUPE)0: Burrow, Rufus, 1951- 2151, God and human dignity :, c2006.